Paroles Nova - Fredz - Statistiques

Statistiques générales
  • Ce quiz a été pris 85 fois
  • Le résultat moyen est 274 sur 403
Statistiques - réponses
Answers % Correct
à
98%
le
98%
ma
98%
m'a
98%
Ma
98%
nova
98%
la
96%
pas
96%
elle
94%
Elle
94%
j'ai
94%
J'ai
94%
une
94%
vu
94%
Et
90%
Maman
90%
dans
88%
de
88%
cour
86%
est
84%
hier
84%
plus
84%
les
82%
passée
82%
jour
80%
mais
80%
nuit
80%
que
80%
sur
80%
fini
78%
mon
78%
texte
78%
toujours
78%
ciel
76%
en
76%
préférait
76%
stylos
76%
tard
76%
trois
76%
attendant
74%
je
74%
pression
74%
Elles
72%
qui
72%
apparaissent
70%
assis
70%
Assis
70%
du
70%
était
70%
pète
70%
si
70%
Si
70%
dit
68%
étoiles
68%
noir
68%
bourre
66%
bruit
66%
des
66%
tout
66%
ai
64%
galerie
64%
jolies
64%
qu'la
64%
tête
64%
toi
64%
vite
64%
faire
62%
plutôt
62%
allait
60%
attention
60%
avoir
60%
méfie
60%
Alors
58%
coule
58%
lentement
58%
longtemps
58%
même
58%
parlé
58%
préservant
58%
c'est
56%
court
56%
faut
56%
Faut
56%
feu
56%
mèche
56%
voulu
56%
cachent
54%
J'lui
54%
parfois
54%
d'elles
52%
intentions
52%
j'regarde
52%
J'regarde
52%
pleure
52%
beau
50%
comme
50%
copine
50%
d'mauvaises
48%
fois
48%
l'infini
48%
lui
48%
sais
46%
sont
46%
trouvé
46%
bas
44%
belle
44%
encore
44%
quoi
44%
dire
42%
mes
42%
Yeah
42%
au
40%
froid
40%
demandé
38%
détente
38%
ont
38%
vue
38%
cette
36%
deux
36%
hiver
36%
larmes
36%
qu'les
36%
Terre
36%
attrapaient
34%
car
34%
doigts
34%
là-haut
34%
satellites
34%
vient
34%
bizarres
32%
c'était
32%
coeur
32%
flingues
32%
glacé
32%
gosse
32%
mer
32%
mots
32%
nouvelle
32%
premiers
32%
réalité
32%
rêves
32%
tirs
32%
accompagnent
30%
bouton
30%
cliquer
30%
comment
30%
dehors
30%
détende
30%
donc
30%
d'virer
30%
embêtante
30%
j'me
30%
l'présent
30%
premières
30%
replay
30%
situation
30%
disparus
28%
J'échange
28%
vivre
28%
écrire
26%
j'commence
26%
j'retourne
26%
Minuit
26%
pendant
24%
qu'nova
22%
repartait
22%
d'passer
18%
Aucun quiz correspondant
Distribution des résultats
% des personnes avec chaque résultat
Percentile par nombre de réponses
Votre historique - résultats
Vous n’avez pas pris ce quiz